000
00357nam a2200157Ia 4500
008
230524s9999 xx 000 0 und d
082
_a
539.7
_b
SHA
100
_a
R.C.Sharma
245
0
_a
Nuclear Physics
250
_a
5TH
260
_a
NEW DELHI
_b
Kadarnath
_c
2004
300
_a
606
500
_a
Quantity Number: 12
650
_a
Physics
942
_c
BK
999
_c
17866
_d
17866